000
00259nam a2200121Ia 4500
100
_a
Yellow Back Series
942
_c
BK
654
_a
tools
245
_a
Machine Tools & Processes For Engineers
260
_b
none
_c
2001
300
_a
123
546
_a
ENGLISH
999
_c
20888
_d
20888